Datum a čas kvízu
37
Celkem bodů
Celkový počet nahraných bodů na tomto kvízu bez doplňovacích otázek.
2.
Pořadí na kvízu
Konečné umístění týmu na tomto kvízu.
Zaznamenané odpovědi
| # | Otázka | Odpověď | Body | Výsledky |
|---|---|---|---|---|
| 1. | Jak jste pravděpodobně zazname... | Mortimer | 0 | |
| 2. | V sousedním Rakousku před něko... | Sebastian Kurz | 1 | |
| 3. | Známá australská skupina vydal... | Nick Cave | 0 | |
| 4. | Minulý týden jsme se dozvěděli... | Lime | 1 | |
| 5. | Jistý evropský fotbalový svaz... | na Slovensku | 0 | |
| 6. | Napíšete-li název afghánské le... | Bagrám | 1 | |
| 7. | Jak se jmenuje současný náčeln... | Aleš Opata | 1 | |
| 8. | Jak se nazývá město, u něhož s... | Čáslav | 1 | |
| 9. | Jednou z prvních zahraničních... | Bosna a Hercegovina | 1 | |
| 10. | Napište čtyřpísmenné označení... | BREN | 1 |